Cumhuriyet çocuklarından Atatürk'e mektuplar (Record no. 3598)

MARC details
000 -BAŞLIK
Sabit Uzunlukta Kontrol Alanı 00680na a2200229 4500
001 - KONTROL NUMARASI
Denetim Alanı 14801
003 - KONTROL NUMARASI IDENTIFIER
Denetim Alanı MIRAKIL
005 - SON İŞLEM TARİHİ VE ZAMANI
Denetim Alanı 20181213154937.0
008 - SABİT-BOY VERİ ELEMANLARI - GENEL BİLGİLER
Sabit Uzunlukta Kontrol Alanı 160901b tu 000 0
035 ## - SİSTEM KONTROL NUMARASI
Sistem Kontrol Numarası 14801
040 ## - KATALOGLAMA KAYNAK
Orijinal Kataloglama Ajansı Milas
Kataloglama Dili tur
Metne Dönüştürmek Ajansı TR-AnCHP
082 ## - DEWEY ONLU SINIFLANDIRMA NUMARASI
Sınıflandırma Numarası ATA/B 923.156
Ürün Numarası C85 [2005]
090 ## - SINIFLAMA NUMARASI
Sınıflama Numarası ATA/B 923.156 C85 [2005]
245 ## - BAŞLIK TABLOSU
Başlık Cumhuriyet çocuklarından Atatürk'e mektuplar
260 ## - YAYIN, DAĞITIM, VB
Yayın, Dağıtım, Vb Yeri İstanbul
Yayıncı, Dağıtıcı, Vs Adı Bakırköy Belediyesi
Yayın, Dağıtım, Vb Tarihi [2005]
300 ## - FİZİKSEL TANIM
Kapsam 110 s.
Diğer Fiziksel Ayrıntıları fotg.
Boyutlar 31 sm.
600 ## - KONU KATMA GİRİŞ - KURUMSAL ADI
Kişisel Ad Atatürk, Mustafa Kemal
Bir Adıyla İlişkilendirilen Tarihler 1881- 1938
Genel Alt Bölümü Anıtkabir
600 ## - KONU KATMA GİRİŞ - KURUMSAL ADI
Kişisel Ad Atatürk, Mustafa Kemal
Bir Adıyla İlişkilendirilen Tarihler 1881-1938
Genel Alt Bölümü Anma kitabı
650 ## - KONU KATMA GİRİŞ - TOPİKAL DÖNEM
Topikal Süreli Veya Coğrafi Ad Giriş Elemanı Çocuklar
650 ## - KONU KATMA GİRİŞ - TOPİKAL DÖNEM
Topikal Süreli Veya Coğrafi Ad Giriş Elemanı Mektuplar
942 ## - EKLENDİ GİRİŞ ELEMANLARI (KOHA)
Sınıflandırma Veya Raf Düzeni Kaynak
Koha Öğesi Türü Books
999 ## - SİSTEM KONTROL NUMARALARI (KOHA)
Koha Biblionumber 3598
Koha Biblioitemnumber 3598
Holdings
Kalıcı Konum Mevcut Konum Edinme Tarihi Edinim Kaynak Toplam Check-Out'Lar Tam Çağrı Numarası Barkod Tarih Son Görülme İtibaren Geçerli Fiyatlar Koha Öğesi Türü Kopya Sayısı
CHP Kütüphanesi CHP Kütüphanesi 09/01/2016 Bağış   ATA/B 923.156 C85 [2005] 002688 09/01/2016 09/01/2016 Books  
CHP Kütüphanesi CHP Kütüphanesi 09/01/2016 Bağış   ATA/B 923.156 C85 [2005] 002689 09/01/2016 09/01/2016 Books k.2